| 000 | 00558nam a2200157Ia 4500 | ||
|---|---|---|---|
| 999 |
_c15649 _d15649 |
||
| 082 | _aTR.0277 | ||
| 100 | _aRaj, Aparna | ||
| 245 | 0 | _aIndustrial relations in public sector enterprises in India : A special study of public sector units in Naini Allahabad | |
| 260 |
_c1993 _bBundelkhand University |
||
| 300 | _a327p. + C D - 32 | ||
| 650 | _aINDUSTRIAL RELATIONS - INDIA | ||
| 650 | _aINDUSTRIAL RELATIONS - UTTAR PRADESH - ALLAHABAD - NAINI | ||
| 650 | _aPUBLIC SECTOR - UTTAR PRADESH - ALLAHABAD - NAINI | ||
| 710 | _aAgrawal, D.C. | ||
| 942 |
_cTH _2ddc |
||